书目信息 |
| 题名: |
炼油与化工ERP数据字典
|
|
| 作者: | 《炼油与化工ERP数据字典》编写组 编 | |
| 分册: | ||
| 出版信息: | 北京 石油工业出版社 2012.4 |
|
| 页数: | 14,128页 | |
| 开本: | 19cm | |
| 丛书名: | ||
| 单 册: | ||
| 中图分类: | F407.226 | |
| 科图分类: | ||
| 主题词: | 炼油工业--工业企业管理--管理信息系统--ERP--数据--字典 , 石油化学工业--工业企业管理--管理信息系统--ERP--数据--字典 , 管理信息系统--ERP | |
| 电子资源: | ||
| ISBN: | 978-7-5021-8991-4 | |
| 000 | 01216nam0 2200277 45 | |
| 001 | 1359726593 | |
| 005 | 20130529083911.01 | |
| 010 | @a978-7-5021-8991-4@dCNY50.00 | |
| 100 | @a20130513d2012 em y0chiy50 ea | |
| 101 | 0 | @achi |
| 102 | @aCN@b110000 | |
| 105 | @ay z 000yy | |
| 106 | @ar | |
| 200 | 1 | @a炼油与化工ERP数据字典@ALian You Yu Hua Gong ERP Shu Ju Zi Dian@f《炼油与化工ERP数据字典》编写组编@F《 Lian You Yu Hua Gong ERP Shu Ju Zi Dian》 Bian Xie Zu Bian |
| 210 | @a北京@c石油工业出版社@d2012.4 | |
| 215 | @a14,128页@d19cm | |
| 312 | @a封底英文题名:Refining and chemical ERP data dictionary | |
| 330 | @a本书收录炼油与化工ERP数据专用术语300余条。全书内容涵盖炼油与化工ERP系统的销售管理、物资管理、原油采购、生产管理等相关业务模块的重点术语解释。 | |
| 510 | 1 | @aRefining and chemical ERP data dictionary@zeng |
| 606 | 0 | @a炼油工业@x工业企业管理@x管理信息系统@xERP@x数据@j字典 |
| 606 | 0 | @a石油化学工业@x工业企业管理@x管理信息系统@xERP@x数据@j字典 |
| 606 | 0 | @a管理信息系统@xERP |
| 690 | @aF407.226@v5 | |
| 701 | 0 | @a《炼油与化工ERP数据字典》编写组@A《 Lian You Yu Hua Gong ERP Shu Ju Zi Dian》 Bian Xie Zu@4编 |
| 801 | @aCN@bTANGWEI@c20130522 | |
| 905 | @b0833624-27@dF407.226@e212@f4 | |
| 炼油与化工ERP数据字典/《炼油与化工ERP数据字典》编写组编.-北京:石油工业出版社,2012.4 |
| 14,128页;19cm |
| ISBN 978-7-5021-8991-4:CNY50.00 |
| 本书收录炼油与化工ERP数据专用术语300余条。全书内容涵盖炼油与化工ERP系统的销售管理、物资管理、原油采购、生产管理等相关业务模块的重点术语解释。 |
| ● |
| 相关链接 |
|
|
|
|
正题名:炼油与化工ERP数据字典
索取号:F407.226/212
 
预约/预借
| 序号 | 登录号 | 条形码 | 馆藏地/架位号 | 状态 | 备注 |
| 1 | 0833624 | 208336246 | 第一样本阅览室/ [索取号:F407.226/212] | 在馆 | |
| 2 | 0833625 | 208336255 | 第一借阅区/ [索取号:F407.226/212] | 在馆 | |
| 3 | 0833626 | 208336264 | 第一借阅区/ [索取号:F407.226/212] | 在馆 | |
| 4 | 0833627 | 208336273 | 第一借阅区/ [索取号:F407.226/212] | 在馆 |